| 000 | 01040nam a2200241 i 4500 | ||
|---|---|---|---|
| 001 | 143012 | ||
| 003 | ES-MaACL | ||
| 005 | 20260127150101.0 | ||
| 007 | t| | ||
| 008 | 071011s1907 cl ||||1| spa d | ||
| 100 | 1 |
_aVicuña Subercaseaux, B. _9114410 |
|
| 245 | 1 | 0 |
_aGobernantes i (sic) literatos _b: Montt i Varas, Mitre, Manuel A. Matta, Balmaceda, Juan E. Lagarrigue, Roosevelt, German Riesco : Alberto Blest Gana, Manuel Blanco Cuartin, Zorobadel Rodríguez, Los hermanos Amunátegui, Carlos T. Robinet, Heredia / _cB. Vicuña Subercaseaux. |
| 260 |
_aSantiago de Chile : _b[s.n.], _c1907 ( _fImpr. y lit. Universo) |
||
| 300 |
_a299 p. ; _c49 cm. |
||
| 530 | _aDisponible en formato digital. | ||
| 650 | 4 |
_aPolíticos- _yS.XIX. _9158685 |
|
| 650 | 4 |
_aPolíticos- _yS.XX. _9158686 |
|
| 650 | 4 |
_aEscritores hispanoamericanos. _9158687 |
|
| 852 |
_aES-MaACL _jG-7408 _cDEPO2 |
||
| 856 | 4 |
_uhttp://bdh-rd.bne.es/viewer.vm?id=0000052147&page=1 _yBiblioteca Digital Hispánica |
|
| 942 | _2udc | ||
| 999 |
_c143012 _d143012 |
||